Culture générale, de A à Z - Statistiques

Statistiques générales
  • Ce quiz a été pris 311 fois
  • Le résultat moyen est 19 sur 26
Statistiques - réponses
Indices Réponses % Correct
Ère historique précédent le Moyen Âge Antiquité
89%
Parmi les planètes, elle est désormais considérée comme une naine Pluton
89%
Cow boy de bande dessinée, oeuvre de Morris Lucky Luke
87%
Capitale du Canada située dans la province de l'Ontario Ottawa
87%
Dramaturge français, auteur d'Amphytrion ou de L'Avare Molière
86%
On l'obtient en divisant par deux le diamètre d'un cercle Rayon
86%
Footballeur français considéré comme l'un des meilleurs au monde, désormais entraîneur Zidane
86%
Volcan Italien dont l'éruption a anéanti la ville de Pompéi Vésuve
83%
Vêtement traditionnel japonais également nommé Yukata Kimono
82%
Plateforme de partage de vidéo qui a popularisé Nota Bene, Doc Seven ou encore l'illustre JDG Youtube
82%
Type de danse brésilienne, particulièrement mise à l'honneur durant les carnavals Samba
81%
Combustible présent dans le réacteur des centrales nucléaires Uranium
81%
Plus long fleuve d'Europe traversant de nombreux pays tels que l'Ukraine, l'Allemagne, la Roumanie... Danube
80%
Genre musical issu entre autres du Ragtime et du Blues Jazz
80%
Se dit d une personne par principe hostile aux étrangers Xenophobe
80%
Disposition des touches de clavier d'ordinateur principalement utilisée dans les pays anglo-saxons Qwerty
78%
Mouvement artistique influencé par Cézanne, élaboré par Picasso et Braque entre autres Cubisme
77%
Chasseur mythologique grec qui succomba à un amour impossible pour son propre reflet Narcisse
76%
Ville à cheval entre l'Europe et l'Asie séparée par le détroit du Bosphore Istanbul
70%
Cavité du corps humain renfermant le coeur et les poumons Thorax
66%
Outil de jardinage destiné à retourner la terre Bêche
65%
Auteur de Mme de Bovary, né en 1821 à Rouen Flaubert
65%
Hendricks, Van Halen ou Clapton font partie des plus grands Guitaristes
58%
5ème lettre et 2nde voyelle de l'alphabet grec Epsilon
57%
Nom de la femelle du lièvre Hase
52%
Prénom du président Wilson, 28ème des Etas Unis Woodrow
24%
Aucun quiz correspondant
Distribution des résultats
% des personnes avec chaque résultat
Percentile par nombre de réponses
Votre historique - résultats
Vous n’avez pas pris ce quiz